000 00406pam a2200169 a 4500
020 _c
041 _h
082 _a005.13
_bBUC
100 _aBUCZEK G.
245 _aINSTANT ASPORIPTS/
_hTextual Documents
250 _a01-01-2001.
260 _bTATA MC GRAW HILL INT. NEW DELHI
300 _aXIX/900
_e1 CD
500 _a4924
653 _aPRINCIPLES OF PROGRAMMING LANGUAGE (T.E.II)
930 _a4517
999 _c47742
_d47742